| 000 | 00781nam a2200253 i 4500 | ||
|---|---|---|---|
| 001 | C2-0302756 | ||
| 003 | PPAK | ||
| 005 | 20180728083802.0 | ||
| 008 | 100209s2007 wau |||| ||||| | eng d | ||
| 020 | _a9781596980501 | ||
| 040 |
_aPPAK _beng _cPPAK _erda |
||
| 082 | 0 | 4 |
_a342.7302 _223 |
| 090 | 0 | 0 |
_a342.7302 _bSCA _dRLCK |
| 100 | 1 |
_aScalia, Justice Antonin, _eauthor |
|
| 245 | 1 | 0 |
_aOriginalism _ba quarter-century of debate |
| 264 | 1 |
_aWashington D.C. : _bRegnery Publishing, Inc. , _c2007 |
|
| 300 |
_a360 pages ; _c24 cm |
||
| 336 |
_2rdacontent _atext |
||
| 337 |
_2rdamedia _aunmediated |
||
| 338 |
_2rdacarrier _avolume |
||
| 650 | 1 | 0 | _aConstitutional law - United States - Intrepetation and construction |
| 700 | 1 |
_aGalabresi, Steven, _eeditor |
|
| 942 |
_ddc _cB |
||
| 999 |
_c106298 _d106298 |
||